PATNÁCT LET SOCIALISTICKÉHO LÉKÁRENSTVÍ VE STŘEDOČESKÉM KRAJI

Bibliographic Details
Main Author: Polášek, K. (Author)
Format: Article
Language:Czech

MARC

LEADER 00000nab a2200000uu 4500
001 vtls011453148
003 SK-MaSNL
005 20260303112200.0
008 230121|1966 xo |||||||||||||||||cze|
015 |a SNBRB 
035 |a (urnnbn)urn:nbn:sk:snk:ar-008068 
035 |a (uuid)2eecbc04-ee0e-4e3b-a7e4-e1d2efefa7e2 
035 |a urn:nbn:sk:snk-abcopv 
040 |a SNKBUCL  |b slo  |c SNKBUCL  |e AACR2 
041 0 |a cze 
044 |a xo  |c SK 
100 1 |a Polášek, K.  |4 aut  |9 1125369 
245 1 0 |a PATNÁCT LET SOCIALISTICKÉHO LÉKÁRENSTVÍ VE STŘEDOČESKÉM KRAJI  |c K. Polášek 
773 0 |t Farmaceutický obzor : odborný časopis Ministerstva zdravotníctva Slovenskej republiky a Slovenskej zdravotníckej univerzity v Bratislave  |g Roč. 35, č. 1 (1966), s. 2-10 
954 |a odborná, vedecká literatúra cudzojazyčná (svetová)  |2 lita 
958 |a OND 
958 |a EUIPO 
958 |a article16 
999 |c 1882541  |d 1884471